000 01217cab a22002655a 4500
001 L151289
008 101014e20101009xxk 000 0 eng d
035 _a(Sirsi) u151289
041 0 _aeng
100 1 _aPfleger, Heidi
245 0 0 _aWithdrawal symptoms
260 _c2010
490 _aEstates Gazette
_v(1040) 9 October 2010, 100-101(2)
520 _aTenants considering exercising break options to end liabilities under a long term lease should bear in mind the legal consequences. Tenants cannot unilaterally withdraw a break notice without the consent of the landlord once it has been served. If both parties agree to a withdrawal, a new lease is created on the same terms as its predecessor. Refers to case law and practical considerations of Landlord and Tenant (Covenants) Act 1995 and Landlord and Tenant Act 1954 relating to break clauses.
590 _aKA
650 2 4 _aLANDLORD AND TENANT (COVENANTS) ACT 1995
650 2 4 _aLANDLORD AND TENANT ACT 1954
650 2 4 _aTAYLOR V WILDIN
650 2 4 _aHOLME V BRUNSKILL
650 2 4 _aFREEMAN V EVANS
650 2 4 _aLOWER V SORRELL
651 4 _aENGLAND AND WALES
690 _aPROPERTY-COMMERCIAL PROPERTY-LANDLORD AND TENANT
942 _n0
999 _c82750
_d82750